[Event "EU-chT (Men) 15th"]
[Site "Gothenburg"]
[Date "2005.08.03"]
[Round "5.3"]
[White "Jacimovic, Dragoljub"]
[Black "Kveinys, Aloyzas"]
[Result "1/2-1/2"]
[WhiteElo "2438"]
[BlackElo "2510"]
[Annotator "Marin,M"]
[PlyCount "41"]
[EventDate "2005.07.30"]
[EventType "team-swiss"]
[EventRounds "9"]
[EventCountry "SWE"]
[SourceTitle "CBM 109"]
[Source "ChessBase"]
[SourceDate "2005.11.14"]
[SourceVersion "1"]
[SourceVersionDate "2005.11.14"]
[SourceQuality "1"]
[WhiteTeam "Macedonia"]
[BlackTeam "Lithuania"]
[WhiteTeamCountry "MKD"]
[BlackTeamCountry "LTU"]

1. d4 d5 2. c4 e6 3. Nc3 Nf6 4. cxd5 exd5 5. Bg5 Be7 6. e3 c6 7. Qc2 Nbd7 8.
Bd3 O-O 9. Nf3 Re8 10. h3 Nf8 11. Bf4 Bd6 {The reader might ask himself why
did I pick up such a short game to annotate. The fact is that the line played
bears a close relation with one game I annotated for the previous issue of CBM
and I intended to highlight some of the similarities as well as the
differences. The alternative reaction to White's plan is to place the knight
on g6 first, thus dricing the enemy bishop away to h2 and only then play ...
Bd6. Strictly speaking, we should call this a gain of tempo: Black gets an
extra-move for nothing! And yet, the whole issue is not as one sided as it
seems. White's obvious plan is to castlelong and then start advancing his g-
and h-pawns. This wouldn't necessarily lead to a direct mating attack, but it
would certainly keep the enemy king under pressure, generally without the
possibility of opening himself anescape with ...g6 or ...h6, thus creating
obvious back rank problems. How should Black react? Placing a knight on g6
certainly makes sense; it would create White some problems with the advance of
the pawns, by keeping the relatively weak h4- (and, indirectly f3-) square
under control. However, if White manages to get the pawns moving, the knight
jump would eventually result a loss (and not a gain) of time (after h4-h5,
Ng6-f8 for example). Generally, it is far from easy to give prefferance to
either one move or the other; bith seem just playable.} (11... Ng6 12. Bh2 Bd6
13. Bxd6 Qxd6 14. O-O-O Be6 15. Kb1 Rac8 {0-1 Bocharov,D (2574)-Azarov,S (2572)
/Warsaw 2005/CBM 108 [Marin]}) 12. Bxd6 Qxd6 13. O-O-O Be6 {[%csl Yd5][%cal
Ra8c8,Rc6c5] Black completes his development by connecting the rooks and
strengthens the d5-pawn at the same time, in view of a further break of the
centre with ...c5.} 14. Kb1 {Before staring active king side operations, White
evacutaes his king from the dangerous c-file.} Rac8 15. Rc1 {Just one more
prophylactic move, aiming to delay the advance of the c-pawn for as long as
possible. However, we shall see that this is not a one sided decision.} ({
The alternative is the immediate} 15. g4 c5 16. dxc5 Rxc5 17. Nd4 {White
certainly has achieved a reliable blockade of the isolani, but the fact that
hisking find itself on the queen side gives the position a sharp character.} a6
$1 {The start of a very consistent plan of improving the position of the minor
pieces, while maintaining his major pieces on active squares.} ({The voluntary
queen retreat} 17... Qb8 $6 {made for the sake of some tactical nuances left
Black with an inferior position after} 18. Qb3 Ne4 19. Bxe4 dxe4 20. Nxe6 Rxe6
21. Rd4 Rce5 22. Rc1 Re8 23. Qc2 Qc8 24. Qa4 $14 {0-1 Kantsler,B (2486)
-Kaganskiy,G (2315)/Tel Aviv 2002/CBM 093 (77)}) 18. f3 {[%csl Re4][%cal Yc2h2]
} N6d7 {The knight had no available squares left on the king side. Besides, it
was under the permanent danger of being driven away with g5 at the most
inconvenient moment. Therefore, Black decides to transfer it to the queen side,
in order toput pressure on the enemy king.} 19. Qh2 Qe7 $1 {The correct
response. In case of exchanging queens, White would have much less trouble
regarding his king's position and would get better chances to take advantage
of his better pawn structure.} 20. Rhe1 Nb6 21. Rc1 Rec8 22. f4 {White has to
start active operationssomehow. With his last move, he intends to restrict the
enemy minor pieces even more. The weakness relative of the e4-square is not so
signifficant for the moment, since there is no black knight close to it.} Bd7 {
[%cal Ye7e3,Rd7a4,Rf8d7]} ({Black consequently follows his plan, but crosing
the opponent's plan with} 22... Qd6 $5 {also deserves some consideration.}) 23.
Nb3 (23. f5 Na4 $1) (23. Qg2 Qd6) 23... R5c7 24. f5 Bc6 {Same picture again.
White aims to take away as much squares as possible from the enemy minor
pieces while Black tries to get new horisons for them.} 25. Nd4 Nfd7 {Suddenly
it appears that the advance of the white pawns has left numerous weaknesses
behind. We can also notice tht for the plan chosen by Black, it was rather
helpful not to play ...Ng6, even with "gain of time".} 26. e4 Qb4 (26... Qc5 $5
{would have discouraged to a certain extent the capture on c6 because after}
27. Nxc6 Rxc6 {the c3-knight would remain pinned.}) 27. Nc2 ({A possibly
better chance for a (rather symbolic) advantage would have been} 27. Nxc6 Rxc6
28. Nxd5 Rxc1+ 29. Rxc1 Rxc1+ 30. Kxc1 Nxd5 31. exd5 {although after} Qc5+ 32.
Qc2 Qxd5 {the open position of the own king would make difficult for White to
get anything concrete.}) 27... Qc5 28. exd5 Bxd5 29. Nxd5 Nxd5 30. Qd2 Qb6 31.
Ka1 h6 32. Rcd1 Nc5 {Black has very active play and a much safer king's
position. White's advantage of space on the king side, as impressive as it
looks, could make itself felt only in certain endings.} 33. Bc4 Na4 (33... Nf6
$5) 34. Bb3 Nxb2 $6 (34... Rxc2 $1 35. Qxd5 Qf6 36. Rb1 Rxb2 37. Qxf7+ Qxf7 38.
Bxf7+ Kxf7 39. Rxb2 Nxb2 40. Kxb2 h5 41. Re6 hxg4 42. hxg4 Rc4 43. Rg6 b5 $11)
35. Qxd5 $6 (35. Kxb2 $2 Rxc2+ $17) (35. Rb1 $1 Rxc2 36. Bxc2 Nc4 37. Rxb6 Nxd2
38. Rd6 $16) 35... Nxd1 36. Rxd1 Qf2 (36... Rxc2 $1 37. Qxf7+ Kh8 38. Bxc2 Rxc2
$15) 37. Rd2 Qf1+ 38. Kb2 Qxh3 39. Qd4 Qh4 40. Ne3 $14 {1-0 Gabriel,C (2510)
-Lobron,E (2590)/Germany 1996/GER-chT (54)}) 15... a6 $5 {Black openly aims to
get a position similar to the game Gabriel-Lobron.} (15... c5 $2 {is obviously
impossible in view of} 16. Nb5) ({but the traditional method of preparing
c6-c5 is} 15... b6 16. g4 (16. Ba6 Rb8) 16... N6d7 17. Ng5 h6 18. Nxe6 Nxe6 19.
h4 c5 $132 {0-1 Shabalov,A (2613)-Vescovi,G (2592)/Bermuda 2003/CBM 094 (37)})
16. g4 ({Besides this straightforward move, White disposes over the interesting
} 16. Na4 {aiming to put pressure on the newly created queen side weaknesses.
In the only game where this move has been played, Black failed to maintain
both wings under control:} N8d7 17. Ng5 h6 $6 18. Nxe6 Qxe6 $2 19. Nc5 {
1-0 Khenkin,I (2572)-Klundt,K (2368)/Bad Wiessee 2001/EXT 2003} Nxc5 (19... Qe7
20. Nxb7 $16) 20. Bf5 Qe7 21. Bxc8 $16) 16... c5 $146 ({There is probably
nothing wrong with} 16... b5 {, postponing the moment when the white knight
would get the nice d4-square. However, for the time being it is hard to
anticipate whether this move is useful or it can become a weakness later.} 17.
Ng5 $5 c5 18. dxc5 Rxc5 19. Qd2 N6d7 (19... b4 $5 20. Ne2 d4 21. e4 $1 (21.
exd4 Rxc1+ 22. Rxc1 Bd5 $44 {[%csl Yg5][%cal Ye8e2,Yd5a2,Yd5g2]}) 21... b3 22.
a3 $14 {[%cal Yf2f4]}) (19... d4 $5 20. exd4 Rcc8 $44 {White would face
certain difficulties defending all his pawn weaknesses.}) 20. f4 Nb6 21. b3 Rb8
$6 (21... Qe7 $5 {[%cal Ye6d7,Re7e3] /\Bd7}) 22. Ka1 Rd8 23. Bb1 Qc7 24. Ne2 h6
25. Rxc5 Qxc5 26. Nf3 Qc7 27. Qd4 Nc8 28. f5 Bd7 29. Nf4 Bc6 30. h4 Re8 31. Re1
Qd6 32. g5 $40 {1-0 Izoria,Z (2553)-Lacrosse,M (2235)/France 2004/EXT 2005 (38)
Black's planless play has brought him on the verge if defeat.}) 17. dxc5 Rxc5
18. Nd4 (18. Qd2 N6d7 19. Ng5 Nb6 20. f4 Qe7 $132) 18... Rec8 19. f3 N6d7 20.
f4 ({One difference induced by the fact that White played Rc1 at an early
stage is that the generally desirable} 20. Qh2 {could be met by} Ne5 {when
WHite would need to spend a tempo on defending or moving his bishop.}) 20... b5
$14 {Once again, I have certain doubts about this move.} ({The already familiar
} 20... Nb6 {could lead to a huge transposition to the game Gabriel-Lobron
after} 21. f5 Bd7 22. Qh2 Qe7 23. Nb3 R5c7 24. Rhe1 Bc6 25. Nd4 Nfd7) 21. Qh2
$14 {Suddenly, because of the threat of the bishop being trapped, Black cannot
avoid the exchange of queens.} (21. Qh2 b4 (21... Nb6 $6 22. f5 Qxh2 23. Rxh2
Bd7 24. Rhc2 $16) 22. Nce2 Rxc1+ 23. Nxc1 Nc5 24. f5 Qxh2 25. Rxh2 Bd7 26. Rc2
$14 {Clearly, each of the sides has chances of attacking the enemy far
advanced pawns, but White seems to be better prepared for such actions.})
1/2-1/2

[Event "American Continental 3rd"]
[Site "Buenos Aires"]
[Date "2005.08.07"]
[Round "2"]
[White "Bruzon Batista, Lazaro"]
[Black "Soppe, Guillermo"]
[Result "1-0"]
[WhiteElo "2662"]
[BlackElo "2432"]
[Annotator "Marin,M"]
[PlyCount "105"]
[EventDate "2005.08.06"]
[EventType "swiss"]
[EventRounds "11"]
[EventCountry "ARG"]
[SourceTitle "CBM 109"]
[Source "ChessBase"]
[SourceDate "2005.11.14"]
[SourceVersion "1"]
[SourceVersionDate "2005.11.14"]
[SourceQuality "1"]

1. d4 d5 2. c4 e6 3. Nc3 Nf6 4. cxd5 exd5 5. Bg5 c6 6. e3 Be7 7. Bd3 Nbd7 8.
Nge2 O-O 9. Qc2 Re8 10. O-O Nf8 11. f3 Nh5 {This is a radical way to meet
White's plan. By exchanging the dark squared bishops, Black not only solves
some of his problems regarding the lack of space, but also forces White to
advance the e-pawn at once, without any other preparative moves, which is a
rather double edged action.} 12. Bxe7 Qxe7 {[%csl Ye3]} 13. e4 dxe4 {This
natural move is not the only playable in this position. Giving up the tension
in the centre opens the f-file for the white rooks and makes the e4-square
available for the white knight after a further advance of the e-pawn.} ({
These two concessions can be avoided by playing the immediate} 13... Be6 {
when the critical continuation is} 14. e5 {winning space in the centre and
creating the premises for a king side attack. Generally, Black's minor pieces
seem to be well placed enough to prevent White's decisive actions on this side
of the board, but the main question is whether the advantage of space will
have its tell in the long run. Black might face problems maintaining the
balance even between the opposite sides. However, in practice White has failed
to prove any concrete advantage.} g6 15. f4 Ng7 16. Ng3 f5 17. Na4 (17. Rab1 a5
{[%csl Yb6]} (17... Rac8 18. b4 b6 $13) 18. Nge2 Nd7 19. Rfc1 Rec8 20. Na4 b6
21. a3 c5 22. Bb5 $14 {1/2-1/2 Johannessen,L (2358)-Heim,S (2386)/Oslo 1999/
EXT 2004 (41)}) 17... Rac8 18. Ne2 b6 19. Rfc1 Rc7 20. a3 Bc8 {There were too
many black pieces aspiring for the e6-square, so Black's decision to transfer
the bishop to another location is correct.} 21. Nac3 Nfe6 22. b4 Bb7 23. Qa2
Rd8 24. Bc2 Kh8 25. Bb3 a6 {[%csl Yb6] ><b6} (25... g5 $5 $132 26. b5 c5 27.
Nxd5 (27. dxc5 Rxc5 $132) 27... Bxd5 28. Bxd5 cxd4 $132) 26. Na4 g5 27. Nxb6
gxf4 28. Qd2 Nh5 29. Kh1 $6 Rg8 30. Ng1 Ng5 31. Ra2 Qg7 32. Bd1 Ng3+ $1 $40 {
0-1 Lopez Martinez,J (2375)-Baron Rodriguez,J (2405)/Mondariz 1999/EXT 2000 
(38)}) 14. fxe4 Be6 15. e5 {This is a radical attempt to activate the white
pieces. The obvious idea is to clear the e4-square for the knight, in order to
combine threats against the enemy king with a possible jump to d6.} ({The main
alternative is the more restrained} 15. Rf2 {[%cal Ya1f1] preparing the
doubling of rooks along the f-file.} Nf6 {The knight hurries back into play
before White cuts his retreat with e5.} (15... c5 $5 {was recommended by
Bareev, but after} 16. e5 $1 {[%csl Rd6,Yh5][%cal Gc3b5,Gb5d6,Gc3e4,Ge4d6]}
cxd4 17. Nxd4 Rad8 18. Ncb5 {White would get a very active position.}) 16. h3
Rad8 17. Raf1 Ng6 18. a3 {White has regrouped his pieces in an optimal way and
has to open a new front of action.} c5 $5 {This immediate action against the
enemy centre seems to be entirely viable.} (18... Rf8 {This move is aimed to
over-protect the f7-square, which is submitted to such big pressure.} 19. b4 b6
{(This move, preparing c5, was recommended by Bareev in 1988 and tried in
practice one year later)} ({The initial game went} 19... a6 {and White managed
to consolidate his space advantage, realying on the weakness of the dark
squares from the enemy camp:} 20. Na4 Nd7 21. e5 Qh4 22. Nf4 Nxf4 23. Rxf4 Qh6
24. Qf2 Nxe5 25. Bxh7+ Qxh7 26. dxe5 Qg6 27. Nc5 Bxh3 28. Rf3 Bc8 29. Rg3 Qh6
30. Ne4 g6 31. Nf6+ Kg7 32. e6 $1 Bxe6 33. Qb2 $40 {1-0 Bareev,E (2560)
-Ahlander,B (2395)/Naestved 1988/EXT 2000 (36)}) 20. Qd2 c5 21. bxc5 bxc5 22.
d5 (22. e5 Nd7 $13 23. d5 $2 Ndxe5 $15) 22... Bc8 (22... Bd7) 23. Ng3 Ne8 {
[%csl Rd5,Yd6,Re4,Ye5][%cal Re8d6]} 24. Nf5 Qe5 25. Ne2 Nd6 26. Nxd6 Qxd6 27.
Nf4 Ne5 28. Be2 Bd7 29. Qc3 c4 30. Nh5 Rde8 31. Kh1 Qc5 $13 {Black enjoys
almost absolute stability on dark squares and should be OK. However, he
reacted unconfidently to White's temerary action over the next few moves:} 32.
Rf6 $5 Re7 (32... gxf6 $2 33. Nxf6+ Kg7 34. Nxd7 $18 {[%cal Yc3g7]}) 33. R1f3
$1 Nxf3 $2 (33... Kh8 $1 $13) (33... gxf6 34. Nxf6+ Kg7 35. Nxd7 Rxd7 36. Qxe5+
f6 37. Qf5 $44) 34. Bxf3 Qf2 35. d6 Qf1+ 36. Kh2 Ree8 37. Rg6 $1 $18 {1-0
Giorgadze,T (2510)-Eslon,J (2365)/Seville 1989/EXT 97 (40)}) 19. e5 Nd5 20.
Nxd5 Bxd5 21. Nf4 Nxf4 22. Bxh7+ Kh8 23. Rxf4 cxd4 24. Rxd4 Bxg2 25. Rxd8 Rxd8
26. Qxg2 (26. Kxg2 $2 Qg5+ {/\Rd2}) 26... Kxh7 27. Qe4+ Kg8 28. Qf5 Qc5+ 29.
Rf2 Qd5 $15 {Black has the better pawn structure and the safer king's position.
1/2-1/2 Vaisser,A (2595)-Bricard,E (2450)/France 1998/CBM 064 ext (61)}) 15...
Rad8 $6 {This natural move is somewhat slow and allows White consolidate his
central grip.} (15... c5 $6 {seems to be less accurate now, under the changed
circumstances.} 16. Nb5 (16. d5 Bd7 {would leave the white centre vulnerable})
16... cxd4 17. Nd6 Qg5 ({This is just surrendering, but after} 17... Red8 18.
Nxd4 {White's activity would have a rather threatening character, too.}) 18.
Nxe8 Rxe8 19. Nxd4 Qxe5 20. Nxe6 fxe6 21. Rae1 $18 {1-0 Summerscale,A (2459)
-Stephenson,F (2241)/Millfield 2000/CBM 077 ext (31)}) ({Contrary to
Nimzovich' recommendations, Black should start attacking the enemy chain of
pawn from the other end with} 15... f6 {. The concrete justification is that
this way the h5-knight gets chances of returning into play.} 16. Rae1 Rad8 (
16... fxe5 17. dxe5 Qc5+ 18. Kh1 Rad8 (18... Qxe5 $5 {might be more consistent.
However, after} 19. Nf4 {Black should be ready to sacrifice the queen for
entirely satisfactory material equivalent (as in the game below) since} Qg5 {
leaves White with dangerous initiative, for instance} 20. Nxe6 Nxe6 21. Bxh7+
Kh8 22. Ne4 Qh6 23. Bf5 Nd4 24. Qc3 Rad8 25. g4 $1 $36) 19. Nc1 Kh8 20. a3 a5 {
0-1 Colin,V (2368)-Glavina Rossi,P (2468)/France 2004/EXT 2005 (76)} 21. Qd2 $1
$14 {/\Ne4, /\Qg5}) 17. Ne4 fxe5 18. dxe5 Bd5 19. N2c3 ({In case of} 19. Nd6
Qg5 {[%csl Yg2]} 20. Nc3 Rxe5 21. Rxe5 Qxe5 22. Nxb7 Re8 {Black's activity in
the centre compensates for the minor structural deffects.}) 19... Qxe5 $5 20.
Nf6+ Qxf6 21. Rxf6 Rxe1+ 22. Rf1 Rxf1+ 23. Bxf1 Nf6 $44 {Black's position is
really difficult to break. The most probable result is a draw. 1/2-1/2 Krush,I
(2424)-Johannessen,L (2427)/Bermuda 2002/CBM 088 (57)}) 16. Ne4 Bd5 17. Rf2 $5
$146 {[%csl Rf7,Rh5][%cal Ya1f1] Once the enemy knight has been safely cut off
play, White rightly decides not to rush things.} (17. Nd6 {1-0 Puuska,H (2035)
-Spanton,T (2147)/Port Erin 1999/CBM 074/[Baburin] (38)} Rxd6 $5 18. exd6 Qxd6
$44 {Baburin}) 17... Bxe4 {An obvious concession, but Black wanted to prepare
his next move, without having to fear a knight jump to f6.} 18. Bxe4 g6 19.
Raf1 Rd7 20. Bd3 $1 {[%csl Rf7][%cal Yd3c4] White continues to regroup, while
Black can do very little. Of course, the capture on f7 also looks promissing,
but there is no need to rush things.} Ne6 21. Bc4 Qh4 22. Qb3 Nhg7 23. d5 $1
$36 {White's initiative guarantees him a clear advantage.} cxd5 24. Bb5 Red8
25. Bxd7 Rxd7 26. Nc3 Nc5 27. Qb5 Qc4 28. Qxc4 dxc4 29. Rf4 Nf5 30. Rxc4 b6 31.
Rd1 Re7 32. b4 Na6 33. Re4 Kg7 34. Kf2 h5 35. Nd5 Re8 36. Ne3 Nxe3 37. Kxe3 Re7
38. Rd6 Nc7 39. h4 Ne6 40. Rc4 Nc7 41. Ke4 Ne6 42. g3 Nc7 43. a4 Ne6 44. Kd5
Nc7+ 45. Kc6 Ne8 46. Rd7 Rxe5 47. Rf4 Re6+ 48. Kb5 Nd6+ 49. Ka6 b5 50. axb5 Kf8
51. Rxd6 Rxd6+ 52. Kxa7 Rd7+ 53. Ka6 1-0